Super Mario 64 Power Stars: Big Boo’s Haunt - Statistics

General Stats
  • This quiz has been taken 50 times
  • The average score is 5 of 7
Answers on the Map
Answers color-coded by a green-red scale on the quiz's map according to % correct below.
 
Answer Stats
# Star % Correct
4 Seek the 8 {Red} {Coins}
98%
2 Ride Big Boo's {Merry}-{Go}-{Round}
95%
6 Eye to Eye in the {Secret} Room
85%
1 Go on a {Ghost} {Hunt}
85%
5 Big Boo's {Balcony}
68%
3 Secret of the {Books}
68%
7 {Switch} {Star} of the Basement
45%
No matching quizzes found
Score Distribution
Percent of People with Each Score
Percentile by Number Answered
Your Score History
You have not taken this quiz